<?xml version="1.0" encoding="UTF-8"?>
<record
    xmlns:xsi="http://www.w3.org/2001/XMLSchema-instance"
    xsi:schemaLocation="http://www.loc.gov/MARC21/slim http://www.loc.gov/standards/marcxml/schema/MARC21slim.xsd"
    xmlns="http://www.loc.gov/MARC21/slim">

  <leader>01961    a2200241   4500</leader>
  <controlfield tag="001">53040</controlfield>
  <controlfield tag="005">20260407155804.0</controlfield>
  <controlfield tag="008">260407a2004    arg                 spa d</controlfield>
  <controlfield tag="003">AR-UNSa-BCEJYS</controlfield>
  <datafield tag="040" ind1=" " ind2=" ">
    <subfield code="a">AR-UNSa-BCEJYS</subfield>
    <subfield code="b">spa</subfield>
    <subfield code="c">AR-UNSa-BCEJYS</subfield>
  </datafield>
  <datafield tag="080" ind1=" " ind2=" ">
    <subfield code="a">330(82)</subfield>
    <subfield code="x">Economia Argentina</subfield>
  </datafield>
  <datafield tag="245" ind1="1" ind2="0">
    <subfield code="a">La econom&#xED;a Argentina</subfield>
    <subfield code="b">Desde sus or&#xED;genes hasta principios del siglo XXI</subfield>
    <subfield code="p">Desde sus or&#xED;genes hasta principios del siglo XXI</subfield>
  </datafield>
  <datafield tag="020" ind1=" " ind2=" ">
    <subfield code="a">950-557-619-6</subfield>
  </datafield>
  <datafield tag="250" ind1=" " ind2=" ">
    <subfield code="a">3a. ed.</subfield>
  </datafield>
  <datafield tag="264" ind1=" " ind2="1">
    <subfield code="a">Buenos Aires :</subfield>
    <subfield code="b">Fondo de Cultura Econ&#xF3;mica</subfield>
    <subfield code="c">2004</subfield>
  </datafield>
  <datafield tag="300" ind1=" " ind2=" ">
    <subfield code="a">382 p.</subfield>
    <subfield code="c">23 cm.</subfield>
  </datafield>
  <datafield tag="505" ind1=" " ind2=" ">
    <subfield code="a">1. Las v&#xED;speras de la globalizaci&#xF3;n - 2. Formaci&#xF3;n de la econom&#xED;a colonial americana - 3. Las econom&#xED;as regionales de subsistencia del actual territorio argentino - 4. Estructura y din&#xE1;mica dl sistema - 5. El puerto de Buenos Aires como intermedio comercial - 6. Expansi&#xF3;n de la ganader&#xED;a - 7. El desarrollo del Litoral - 8. El estancamiento del interior - 9. La Revoluci&#xF3;n Industrial y la integraci&#xF3;n de la econom&#xED;a mundial  -10. El poder econ&#xF3;mico y el sistema pol&#xED;tico - 11. R&#xE9;gimen econ&#xF3;mico y el suistema pol&#xED;tico - 13. Vulnerabilidada y ajuste - 13. quiebra del equilibrio interregional - 14. La econom&#xED;a mundial:de la crisis de 1930 al per&#xED;odo dorado - 15. Las nuevas condiciones del desarrollo - 16. La pol&#xED;tica econ&#xF3;mica - 17. Estructura y din&#xE1;mica del sistema - 18. Consolidaci&#xF3;n del desequilibrio interregional - 19. Tendencias recientes de la globalizaci&#xF3;n - 20. La pol&#xED;tica econ&#xF3;mica - 20.La pol&#xED;tica econ&#xF3;mica - 21. Estructura y din&#xE1;mica del sistema - 22. Las regiones y el pa&#xED;s - 23. Acerca de la globalizaci&#xF3;n, el desarrollo y densidad nacional - 24. La econom&#xED;a argentina a principios del siglo XXI </subfield>
  </datafield>
  <datafield tag="041" ind1=" " ind2=" ">
    <subfield code="a">spa</subfield>
  </datafield>
  <datafield tag="942" ind1=" " ind2=" ">
    <subfield code="c">BK</subfield>
  </datafield>
  <datafield tag="590" ind1=" " ind2=" ">
    <subfield code="a">niveau_biblio:m niveau_hierar:0</subfield>
  </datafield>
  <datafield tag="100" ind1="1" ind2=" ">
    <subfield code="a">Ferrer, Aldo</subfield>
  </datafield>
  <datafield tag="856" ind1="4" ind2="1">
    <subfield code="u">https://www.biblioeco.unsa.edu.ar/pmb/images/libros/L128394.jpg</subfield>
    <subfield code="y">Imagen de portada</subfield>
    <subfield code="q">image/jpeg</subfield>
  </datafield>
  <datafield tag="999" ind1=" " ind2=" ">
    <subfield code="c">5049</subfield>
    <subfield code="d">5049</subfield>
  </datafield>
  <datafield tag="952" ind1=" " ind2=" ">
    <subfield code="0">0</subfield>
    <subfield code="1">0</subfield>
    <subfield code="4">0</subfield>
    <subfield code="7">0</subfield>
    <subfield code="a">BCEJYS</subfield>
    <subfield code="b">BCEJYS</subfield>
    <subfield code="c">16</subfield>
    <subfield code="d">2026-04-07</subfield>
    <subfield code="l">0</subfield>
    <subfield code="o">330(82) F382e 3ed.</subfield>
    <subfield code="p">L128394</subfield>
    <subfield code="r">2026-04-07 15:58:04</subfield>
    <subfield code="w">2026-04-07</subfield>
    <subfield code="y">L</subfield>
    <subfield code="z">L&#xC1;PIZ -</subfield>
  </datafield>
</record>
